Statistiken für Deutsche TV Stars der 90er/2000er erraten mit Bildern - Teil 3

Klicken Sie hier um das Quiz zu spielen!

Allgemein

  • Dieses Quiz wurde 193 mal gespielt
  • Das Durchschnittsergebnis liegt bei 8 aus 15

Antwortstatistiken

Antwort% Korrekt
Günther Jauch
99%
Daniel Küblböck
75%
Sonja Zietlow
73%
Hugo Egon Balder
71%
Harald Schmidt
65%
Mirja Boes
61%
Hella von Sinnen
55%
Zlatko
50%
Cordula Stratmann
48%
Jeanette Biedermann
47%
Marijke Amado
36%
Werner Schulze Erdel
27%
Jochen Bendel
20%
Mariele Millowitch
17%
Alida
12%

Verteilung der Resultate

Perzentil nach korrekt beantworteten Fragen

Anzahl Personen mit jedem Resultat

Ihre Resultats-Entwicklung

Sie haben dieses Quiz noch nicht gespielt